书目信息 |
| 题名: |
面向实施的城市设计
|
|
| 作者: | 王世福 主编 | |
| 分册: | ||
| 出版信息: | 北京 中国建筑工业出版社 2005.06 |
|
| 页数: | 278页 | |
| 开本: | 24cm | |
| 丛书名: | 城市规划与设计理论丛书 | |
| 单 册: | ||
| 中图分类: | TU984 | |
| 科图分类: | ||
| 主题词: | 城市规划--cheng shi gui hua--建筑设计 | |
| 电子资源: | ||
| ISBN: | 7-112-07293-X | |
| 000 | 00946nam 2200265 450 | |
| 001 | 012007978891 | |
| 005 | 20071226100044.45 | |
| 010 | @a7-112-07293-X@dCNY38.00 | |
| 100 | @a20071226d2005 km y0chiy0120 ea | |
| 101 | 0 | @achi |
| 102 | @aCN@b110000 | |
| 105 | @aa a 000yy | |
| 106 | @ar | |
| 200 | 1 | @a面向实施的城市设计@Amian xiang shi shi de cheng shi she ji@f王世福主编@Fwang shi fu zhu bian |
| 210 | @a北京@c中国建筑工业出版社@d2005.06 | |
| 215 | @a278页@c图@d24cm | |
| 225 | 2 | @a城市规划与设计理论丛书@Acheng shi gui hua yu she ji li lun cong shu |
| 320 | @a有书目 (第269-276页) | |
| 330 | @a本书将城市设计置于现实的城市规划实施背景中,采用研究方法是通过提取制度性因素和技术性因素,进行综合分析。 | |
| 410 | 0 | @12001 @a城市规划与设计理论丛书 |
| 606 | 0 | @a城市规划@Acheng shi gui hua@x建筑设计 |
| 690 | @aTU984@v4 | |
| 701 | 0 | @a王世福@Awang shi fu@4主编 |
| 801 | 0 | @aCN@bQSSK@c20071226 |
| 905 | @b271401-03@dTU984@eW341@f3 | |
| 面向实施的城市设计/王世福主编.-北京:中国建筑工业出版社,2005.06 |
| 278页:图;24cm.-(城市规划与设计理论丛书) |
| ISBN 7-112-07293-X:CNY38.00 |
| 本书将城市设计置于现实的城市规划实施背景中,采用研究方法是通过提取制度性因素和技术性因素,进行综合分析。 |
| ● |
| 相关链接 |
|
|
|
正题名:面向实施的城市设计
索取号:TU984/W341
 
预约/预借
| 序号 | 登录号 | 条形码 | 馆藏地/架位号 | 状态 | 备注 |
| 1 | 271401 | 202714018 | 建筑与城市规划学院资料室/101建筑库 85排4列4层/ [索取号:TU984/W341] | 在馆 | |
| 2 | 271402 | 202714027 | 建筑库201/201建筑库 61排2列3层/ [索取号:TU984/W341] | 在馆 | |
| 3 | 271403 | 202714036 | 建筑库201/201建筑库 61排2列3层/ [索取号:TU984/W341] | 在馆 |